[Event "Balaguer op"]
[Site "?"]
[Date "2012.06.17"]
[Round "2"]
[White "Farre Selma, D."]
[Black "Foix Martinez, J."]
[Result "1-0"]
[WhiteElo "1868"]
[BlackElo "1671"]
[PlyCount "47"]
[EventDate "2012.??.??"]
[EventType "swiss"]
[EventRounds "9"]

1. e4 e5 2. Nf3 Nc6 3. Bc4 Bc5 4. Nc3 Nf6 5. d3 h6 6. O-O d6 7. h3 Nd4 8. Be3
Nxf3+ 9. Qxf3 Bxe3 10. fxe3 O-O 11. Rf2 Be6 12. Bb3 Qe7 13. Raf1 a5 14. Qg3
Bxb3 15. axb3 Nh5 16. Qg4 Nf6 17. Rxf6 Kh8 18. Nd5 Qd8 19. Qh5 c6 20. Rxh6+
gxh6 21. Qxh6+ Kg8 22. Nf6+ Qxf6 23. Rxf6 Rfe8 24. Rf3 1-0

[Event "Balaguer op"]
[Site "?"]
[Date "2012.06.17"]
[Round "2"]
[White "Fernandez Alvarez, J."]
[Black "Aloy Piulats, R."]
[Result "0-1"]
[WhiteElo "1371"]
[BlackElo "1805"]
[PlyCount "44"]
[EventDate "2012.??.??"]
[EventType "swiss"]
[EventRounds "9"]

1. f4 d5 2. d4 Nf6 3. Nf3 e6 4. e3 Be7 5. Be2 Nbd7 6. O-O Ne4 7. Bd2 O-O 8. c3
c6 9. a4 Qc7 10. Qe1 f5 11. Qd1 Qb6 12. b4 Ndf6 13. Ne5 Bd7 14. Nf3 Be8 15. Ne5
Rc8 16. g4 h6 17. g5 hxg5 18. fxg5 Nxg5 19. h4 Nge4 20. Be1 Bd6 21. Nd2 Nxc3
22. Qc2 Nxe2+ 0-1

[Event "Balaguer op"]
[Site "?"]
[Date "2012.06.17"]
[Round "2"]
[White "Fernandez Cardoso, A."]
[Black "Boyard, M."]
[Result "1-0"]
[WhiteElo "2427"]
[BlackElo "2008"]
[PlyCount "57"]
[EventDate "2012.??.??"]
[EventType "swiss"]
[EventRounds "9"]

1. e4 c5 2. Nf3 d6 3. d4 cxd4 4. Nxd4 Nf6 5. Nc3 Nc6 6. Bc4 e6 7. Be3 a6 8. Bb3
Qc7 9. Qe2 Na5 10. g4 Nxb3 11. axb3 Rb8 12. g5 Nd7 13. O-O-O b5 14. f4 Nc5 15.
Rhe1 b4 16. Nd5 exd5 17. exd5 Nxb3+ 18. Nxb3 Be7 19. Bd4 Kf8 20. Rd3 Bf5 21.
Re3 Re8 22. Bf6 gxf6 23. gxf6 Bxf6 24. Rxe8+ Kg7 25. Qg2+ Bg6 26. Rxh8 Bxb2+
27. Kxb2 Qc3+ 28. Ka2 Qxe1 29. Ra8 1-0

[Event "Balaguer op"]
[Site "?"]
[Date "2012.06.17"]
[Round "2"]
[White "Ferrer Font, J."]
[Black "Valera Muñoz, A."]
[Result "1-0"]
[WhiteElo "1804"]
[BlackElo "1398"]
[PlyCount "71"]
[EventDate "2012.??.??"]
[EventType "swiss"]
[EventRounds "9"]

1. e4 d6 2. Bc4 Nf6 3. d3 e5 4. Nf3 c6 5. c3 Be7 6. Bb3 Bg4 7. h3 Bxf3 8. Qxf3
c5 9. O-O Nc6 10. Nd2 b5 11. Re1 O-O 12. Nf1 Ne8 13. Ng3 Bg5 14. Nf5 Bxc1 15.
Raxc1 Ne7 16. Rcd1 Nxf5 17. Qxf5 Nf6 18. d4 exd4 19. cxd4 Qb6 20. e5 Ne8 21.
dxc5 dxc5 22. Rd7 c4 23. Bc2 Qg6 24. Qxg6 hxg6 25. Red1 a5 26. Rb7 b4 27. Rbd7
g5 28. Be4 Ra6 29. Bd5 Kh7 30. Bxc4 Rc6 31. b3 Re6 32. Bxe6 fxe6 33. Re7 Kh6
34. Rxe6+ g6 35. Re7 Rh8 36. Rd8 1-0

[Event "Balaguer op"]
[Site "?"]
[Date "2012.06.17"]
[Round "2"]
[White "Fortuny Profitos, J."]
[Black "Marti Trilla, A."]
[Result "1-0"]
[WhiteElo "1769"]
[BlackElo "1378"]
[PlyCount "73"]
[EventDate "2012.??.??"]
[EventType "swiss"]
[EventRounds "9"]

1. d4 Nf6 2. Nf3 g6 3. Bf4 Bg7 4. c4 d6 5. Nc3 Nbd7 6. e4 Nf8 7. e5 Nh5 8. Be3
Bg4 9. exd6 Qxd6 10. c5 Qd8 11. Be2 c6 12. h3 Bxf3 13. Bxf3 Nf6 14. Qb3 Qc7 15.
Rd1 Ne6 16. O-O O-O 17. Rd2 Rfd8 18. d5 cxd5 19. Nxd5 Nxc5 20. Nxc7 Nxb3 21.
axb3 Rxd2 22. Bxd2 Rd8 23. Bc3 Rd7 24. Nb5 a6 25. Na3 b5 26. Rd1 Rxd1+ 27. Bxd1
Nd5 28. Bxg7 Kxg7 29. Bf3 Nc7 30. Nc2 a5 31. b4 axb4 32. Nxb4 f6 33. Nd5 Nxd5
34. Bxd5 b4 35. Kf1 Kf8 36. Ke2 e6 37. Bxe6 1-0

[Event "Balaguer op"]
[Site "?"]
[Date "2012.06.17"]
[Round "2"]
[White "Gensana Berzunces, J."]
[Black "Vera Balague, G."]
[Result "1/2-1/2"]
[WhiteElo "2001"]
[BlackElo "2031"]
[PlyCount "98"]
[EventDate "2012.??.??"]
[EventType "swiss"]
[EventRounds "9"]

1. e4 Nf6 2. e5 Nd5 3. c4 Nb6 4. c5 Nd5 5. Nc3 c6 6. Bc4 Nxc3 7. dxc3 d5 8.
cxd6 exd6 9. Bf4 d5 10. Bb3 Be6 11. Nf3 Nd7 12. Nd4 Qh4 13. Qd2 Bc5 14. O-O
Bxd4 15. cxd4 h6 16. Rac1 Qe7 17. Be3 g5 18. f4 gxf4 19. Bxf4 O-O-O 20. Rf3
Rdg8 21. Qa5 Kb8 22. Ba4 Nb6 23. Bb3 h5 24. Qd2 h4 25. a4 Ka8 26. Qc3 Rg4 27.
Bd1 Rhg8 28. Rf2 R4g7 29. a5 Nc4 30. b3 Na3 31. a6 bxa6 32. Qxc6+ Qb7 33. Qa4
Nb5 34. Rfc2 Bf5 35. Rf2 Be4 36. g3 Qb6 37. Rc5 hxg3 38. hxg3 Rh7 39. Kf1 Rh1+
40. Ke2 Rxd1 41. Kxd1 Qxc5 42. dxc5 Nc3+ 43. Kc1 Nxa4 44. bxa4 Kb7 45. Rb2+ Kc6
46. Kd2 Kxc5 47. Rb7 Bg6 48. Rxa7 d4 49. Rxa6 Rb8 1/2-1/2

[Event "Balaguer op"]
[Site "?"]
[Date "2012.06.17"]
[Round "2"]
[White "Gomez Ledo, RC."]
[Black "Gutierrez Martos, FE."]
[Result "1-0"]
[WhiteElo "2428"]
[BlackElo "2038"]
[PlyCount "67"]
[EventDate "2012.??.??"]
[EventType "swiss"]
[EventRounds "9"]

1. d4 g6 2. c4 Bg7 3. Nc3 c5 4. d5 Bxc3+ 5. bxc3 f5 6. e4 fxe4 7. f3 Nf6 8.
fxe4 d6 9. Bd3 Nbd7 10. Nf3 Qa5 11. Bd2 Ng4 12. O-O Nde5 13. Be2 Bd7 14. a4 O-O
15. Qe1 Nxf3+ 16. gxf3 Nf6 17. Qh4 e5 18. Kh1 Nh5 19. Rg1 Nf4 20. Bxf4 Rxf4 21.
Qe7 Rf7 22. Qxd6 Qxc3 23. Qxc5 Rxf3 24. Rgc1 Qe3 25. Qxe3 Rxe3 26. Bf1 Rxe4 27.
a5 Rd4 28. c5 Rxd5 29. Bc4 Be6 30. a6 bxa6 31. Rxa6 Bf7 32. Bxd5 Bxd5+ 33. Kg1
e4 34. Rd6 1-0

[Event "Balaguer op"]
[Site "?"]
[Date "2012.06.17"]
[Round "2"]
[White "Martinez Lopez, I."]
[Black "Obregon Rivero, JC."]
[Result "1-0"]
[WhiteElo "2302"]
[BlackElo "2485"]
[PlyCount "127"]
[EventDate "2012.??.??"]
[EventType "swiss"]
[EventRounds "9"]

1. c4 Nf6 2. g3 g6 3. Bg2 Bg7 4. Nc3 O-O 5. Nf3 c5 6. O-O Nc6 7. d4 cxd4 8.
Nxd4 Qb6 9. Nc2 d6 10. Ne3 Be6 11. Ned5 Bxd5 12. Nxd5 Nxd5 13. Qxd5 Rab8 14.
Rb1 Rfc8 15. b3 Rc7 16. Be3 Qb4 17. a4 Qa3 18. Qd2 a6 19. Bb6 Rd7 20. h4 e6 21.
e4 Rc8 22. Rfd1 Bf6 23. h5 Bd8 24. Be3 Ba5 25. Qe2 Qb4 26. Bf3 Bb6 27. Kg2 Bxe3
28. Qxe3 Rcd8 29. hxg6 hxg6 30. e5 Nxe5 31. Rh1 Nxf3 32. Qxf3 f5 33. Qe3 Kf7
34. Rh7+ Kf6 35. Qd4+ e5 36. Qh4+ Ke6 37. Qh6 Rxh7 38. Qxg6+ Kd7 39. Qxh7+ Kc8
40. Qxf5+ Kb8 41. Qd3 Rf8 42. Rd1 Rf6 43. Qe3 Qa5 44. Rd5 Qc7 45. c5 Qc6 46.
Qe4 dxc5 47. Rxe5 Qb6 48. Qd5 c4 49. Re3 cxb3 50. a5 Qd6 51. Qxd6+ Rxd6 52.
Rxb3 Rd5 53. Ra3 Kc7 54. f4 Rb5 55. g4 Kd6 56. Kf3 Ke6 57. Ra4 Kf6 58. Ke4 Rb1
59. Rd4 Re1+ 60. Kf3 Rf1+ 61. Ke3 Rg1 62. Rd6+ Ke7 63. Rg6 Kf7 64. f5 1-0

[Event "Balaguer op"]
[Site "?"]
[Date "2012.06.17"]
[Round "2"]
[White "Mellado Triviño, J."]
[Black "Argerich Farras, J."]
[Result "1-0"]
[WhiteElo "2444"]
[BlackElo "2133"]
[PlyCount "60"]
[EventDate "2012.??.??"]
[EventType "swiss"]
[EventRounds "9"]

1. e4 d6 2. d4 Nf6 3. Nc3 e5 4. Nf3 Nbd7 5. Bc4 h6 6. O-O Be7 7. dxe5 dxe5 8.
Qe2 c6 9. Nh4 Nb6 10. Bb3 Bc5 11. Qf3 Qe7 12. h3 Bd7 13. a4 a5 14. Be3 Bxe3 15.
Qxe3 Nc8 16. Rad1 Be6 17. Bxe6 Qxe6 18. Nf5 O-O 19. Qg3 Ne8 20. Rd8 Qf6 21.
Rfd1 Nc7 22. R8d7 Ne6 23. Rxb7 Nd4 24. Nxd4 exd4 25. e5 Qd8 26. Ne4 Ne7 27. Rd7
Kh8 28. Nf6 Nc8 29. Ne4 Ra7 30. Rb7 Kg8 1-0

[Event "Balaguer op"]
[Site "?"]
[Date "2012.06.17"]
[Round "2"]
[White "Moline Escartin, X."]
[Black "Montoliu Daroca, I."]
[Result "1-0"]
[WhiteElo "1877"]
[BlackElo "1803"]
[PlyCount "69"]
[EventDate "2012.??.??"]
[EventType "swiss"]
[EventRounds "9"]

1. e4 c5 2. Nf3 d6 3. d4 cxd4 4. Nxd4 Nf6 5. Nc3 a6 6. Bc4 e6 7. Be3 Be7 8. Qd2
b5 9. Bb3 b4 10. Na4 Nxe4 11. Qe2 O-O 12. O-O-O d5 13. f3 Nf6 14. g4 Bd7 15. h4
Nc6 16. h5 Nxd4 17. Bxd4 Bb5 18. Qe3 Nxg4 19. Qg1 Nf6 20. Qg3 Bd6 21. f4 Qc7
22. Be5 Bxe5 23. fxe5 Ne4 24. Qf4 f6 25. h6 fxe5 26. Qg4 Qe7 27. hxg7 Rf7 28.
Rxh7 Rxg7 29. Rxg7+ Qxg7 30. Qxe6+ Qf7 31. Qxf7+ Kxf7 32. Bxd5+ Ke7 33. Bxa8
Nf2 34. Rd2 Ng4 35. Nc5 1-0

[Event "Balaguer op"]
[Site "?"]
[Date "2012.06.17"]
[Round "2"]
[White "Oms Pallisse, J."]
[Black "Amigo Vilalta, J."]
[Result "1-0"]
[WhiteElo "2461"]
[BlackElo "2242"]
[PlyCount "123"]
[EventDate "2012.??.??"]
[EventType "swiss"]
[EventRounds "9"]

1. Nf3 g6 2. c4 c5 3. d4 cxd4 4. Nxd4 Nf6 5. Nc3 Nc6 6. Nc2 Bg7 7. e4 d6 8. Be2
O-O 9. O-O a6 10. Bd2 Bd7 11. b3 Qc7 12. Rc1 Rfc8 13. Ne3 Qd8 14. Ned5 Nxd5 15.
Nxd5 Be6 16. Be3 Bxd5 17. exd5 Nb4 18. Qd2 a5 19. a3 Na6 20. b4 Qd7 21. c5 dxc5
22. bxc5 Qa4 23. c6 bxc6 24. Rxc6 Rxc6 25. dxc6 Nc7 26. Qd7 Be5 27. Rd1 Qxa3
28. Bb6 Qb2 29. Bxc7 Bxc7 30. Qxe7 Qe5 31. Qxe5 Bxe5 32. Rd5 Re8 33. Rxa5 Kg7
34. Ra2 Bc3 35. g3 Be5 36. Kg2 Bc7 37. h4 h5 38. Bc4 Re7 39. Kf3 Bd6 40. Rb2
Kf6 41. Kg2 Kg7 42. Rb7 Bc7 43. f4 Kf6 44. Kf3 Kg7 45. Rb2 f6 46. Rb5 Kh6 47.
Bd3 Kg7 48. Rd5 Kf7 49. Be4 Kg7 50. Bc2 Bb6 51. Be4 Kf7 52. Rb5 Bc7 53. Bd3 Kg7
54. Rb7 Kh6 55. Bf1 Kg7 56. Bc4 Kf8 57. Bb3 Kg7 58. Be6 Rxe6 59. Rxc7+ Kf8 60.
f5 gxf5 61. Kf4 Re5 62. Rh7 1-0

[Event "Balaguer op"]
[Site "?"]
[Date "2012.06.17"]
[Round "2"]
[White "Parramon Guillaumet, J."]
[Black "Barbero Sendic, A."]
[Result "0-1"]
[WhiteElo "1873"]
[BlackElo "2370"]
[PlyCount "191"]
[EventDate "2012.??.??"]
[EventType "swiss"]
[EventRounds "9"]

1. e4 c5 2. Nf3 d6 3. Nc3 Nc6 4. d4 cxd4 5. Nxd4 Nf6 6. Be2 g6 7. Be3 Bg7 8. h4
h5 9. Nb3 Bd7 10. f3 Rc8 11. Qd2 b6 12. Rd1 Ne5 13. O-O O-O 14. Bh6 Nc4 15.
Bxc4 Rxc4 16. Bxg7 Kxg7 17. Rf2 Qc7 18. Qe3 a5 19. Rd4 a4 20. Rxc4 Qxc4 21. Qd4
Rc8 22. Qxc4 Rxc4 23. Nd2 Rc5 24. a3 b5 25. Ndb1 Be6 26. Rd2 Nd7 27. Rd4 Ne5
28. Kf2 Nc4 29. b4 axb3 30. cxb3 Nxa3 31. Nxa3 Rxc3 32. Nxb5 Rc2+ 33. Kg3 Bxb3
34. Rb4 Be6 35. Nd4 Rc5 36. Nxe6+ fxe6 37. Kf4 Kf6 38. Rb8 e5+ 39. Kg3 e6 40.
Rb6 d5 41. exd5 Rxd5 42. Rb8 Rd4 43. Rf8+ Ke7 44. Rg8 Kf7 45. Rb8 e4 46. Rb3
exf3 47. gxf3 Rd1 48. Rb5 Kf6 49. Kg2 Rd6 50. Kf2 e5 51. Rb8 Kf5 52. Ke3 Rd4
53. Rf8+ Ke6 54. Re8+ Kf7 55. Rxe5 Rxh4 56. Kf2 Kf6 57. Ra5 Rb4 58. Kg2 Rf4 59.
Rb5 Rf5 60. Rb4 Kg5 61. Kg3 h4+ 62. Kg2 Ra5 63. Rg4+ Kh5 64. Rc4 Ra2+ 65. Kg1
g5 66. Rb4 Kg6 67. Rc4 Kf5 68. Rb4 Rd2 69. Ra4 Rd5 70. Kf2 Ke5 71. Rg4 Kf6 72.
Ra4 Rf5 73. Ra6+ Kg7 74. Ra7+ Kg6 75. Ra6+ Kh5 76. Kg2 Rf4 77. Rb6 Ra4 78. Rc6
Ra2+ 79. Kg1 h3 80. Rc4 Rg2+ 81. Kf1 Kg6 82. Rc8 Ra2 83. Kg1 Kf5 84. Rc4 Rg2+
85. Kf1 Rg3 86. Kf2 h2 87. Rc5+ Kf4 88. Rc4+ Ke5 89. Rc5+ Kd4 90. Rc1 Rh3 91.
Kg2 Rh6 92. Rd1+ Ke3 93. Rh1 Ke2 94. Kg3 Rh4 95. Kg2 Ke3 96. Kg3 0-1

[Event "Balaguer op"]
[Site "?"]
[Date "2012.06.17"]
[Round "2"]
[White "Pera Lucas, E."]
[Black "Del Rey Santos, D."]
[Result "0-1"]
[WhiteElo "1984"]
[BlackElo "2391"]
[PlyCount "84"]
[EventDate "2012.??.??"]
[EventType "swiss"]
[EventRounds "9"]

1. e4 c5 2. Nf3 Nc6 3. d4 cxd4 4. Nxd4 e5 5. Nb5 d6 6. N1c3 a6 7. Na3 b5 8. Nd5
Nge7 9. Bg5 f6 10. Be3 Nxd5 11. exd5 Ne7 12. Be2 Nf5 13. Bd2 Rb8 14. c3 Bb7 15.
c4 Nd4 16. Nc2 Nxe2 17. Qxe2 bxc4 18. Qxc4 Qd7 19. O-O Be7 20. f4 O-O 21. fxe5
fxe5 22. Bc3 Qb5 23. Qxb5 axb5 24. Nb4 Bg5 25. Rae1 Rbc8 26. Rxf8+ Rxf8 27. g3
Rc8 28. Rd1 Be3+ 29. Kf1 Rc4 30. Nc2 Bc5 31. a3 Bc8 32. Re1 Bh3+ 33. Ke2 Re4+
34. Kf3 Rxe1 35. Bxe1 Bf5 36. Ne3 Bd3 37. Bc3 Kf7 38. b4 Bb6 39. Ng4 e4+ 40.
Kf4 h5 41. Ne5+ dxe5+ 42. Kxe5 Bf1 0-1

[Event "Balaguer op"]
[Site "?"]
[Date "2012.06.17"]
[Round "2"]
[White "Puig Carres, J."]
[Black "Solani Nuñez, J."]
[Result "0-1"]
[WhiteElo "1843"]
[BlackElo "1626"]
[PlyCount "127"]
[EventDate "2012.??.??"]
[EventType "swiss"]
[EventRounds "9"]

1. c4 c5 2. g3 Nf6 3. Bg2 g6 4. Nf3 Bg7 5. Nc3 O-O 6. O-O Nc6 7. d3 b6 8. Ne5
Bb7 9. a3 Qc7 10. Nf3 Rad8 11. Rb1 d5 12. cxd5 Nxd5 13. Nxd5 Rxd5 14. Bf4 e5
15. Bd2 Rfd8 16. Ng5 R5d7 17. Bh3 Re7 18. Ne4 Nd4 19. Bg2 f5 20. Nc3 Bxg2 21.
Kxg2 Qc6+ 22. f3 e4 23. Bg5 exf3+ 24. exf3 Bf6 25. Bxf6 Qxf6 26. Qd2 Rde8 27.
Rbe1 Qc6 28. Rxe7 Rxe7 29. Qf2 Qe6 30. b4 Qb3 31. Re1 Rxe1 32. Qxe1 Qc2+ 33.
Kh1 Nxf3 34. Qe8+ Kg7 35. Qe7+ Kg8 36. Qe8+ Kg7 37. Qe7+ Kh6 38. Qe3+ g5 39.
Qxf3 Qxc3 40. Qxf5 Qe1+ 41. Kg2 Qe2+ 42. Kg1 Qe3+ 43. Kg2 Qe7 44. bxc5 bxc5 45.
Kf3 Kg7 46. Kg2 a5 47. a4 h5 48. Kf2 Qf6 49. Qxf6+ Kxf6 50. Ke3 Ke5 51. h3 Kd5
52. h4 gxh4 53. gxh4 Ke5 54. Kf3 Kd4 55. Ke2 Kc3 56. Ke3 Kb4 57. d4 Kxa4 58. d5
Kb5 59. Kd3 c4+ 60. Kc3 Kc5 61. d6 Kxd6 62. Kxc4 Ke5 63. Kb5 Kf4 64. Kxa5 0-1

[Event "Balaguer op"]
[Site "?"]
[Date "2012.06.17"]
[Round "2"]
[White "Quintas Galeano, L."]
[Black "Roeder, M."]
[Result "0-1"]
[WhiteElo "2148"]
[BlackElo "2434"]
[PlyCount "62"]
[EventDate "2012.??.??"]
[EventType "swiss"]
[EventRounds "9"]

1. e4 c5 2. Nc3 d6 3. d3 Nc6 4. g3 g6 5. Bg2 Bg7 6. Be3 e6 7. Qd2 Qa5 8. Nge2
Nd4 9. O-O Ne7 10. f4 Bd7 11. Rae1 Qb4 12. Qc1 O-O 13. Nd1 Qa4 14. c3 Nc2 15.
b3 Qxa2 16. Qd2 Qxb3 17. Nc1 Qb1 18. Re2 Nxe3 19. Nxe3 Qb6 20. f5 exf5 21. exf5
Bxf5 22. Nxf5 Nxf5 23. Rxf5 gxf5 24. Qg5 Rae8 25. Qxf5 Qb1 26. Be4 Qxc1+ 27.
Kg2 Qh6 28. Rf2 Rxe4 29. Qxe4 d5 30. Qf5 Qe6 31. Qh5 Re8 0-1

[Event "Balaguer op"]
[Site "?"]
[Date "2012.06.17"]
[Round "2"]
[White "Ramon Perez, JL."]
[Black "Janev, E."]
[Result "1/2-1/2"]
[WhiteElo "2249"]
[BlackElo "2453"]
[PlyCount "49"]
[EventDate "2012.??.??"]
[EventType "swiss"]
[EventRounds "9"]

1. e4 Nf6 2. Nc3 e5 3. f4 d5 4. fxe5 Nxe4 5. Qf3 Nxc3 6. dxc3 c6 7. Qg3 Nd7 8.
Nf3 Nc5 9. Bd3 Qb6 10. Nd4 Nxd3+ 11. Qxd3 c5 12. Nf3 Be6 13. O-O O-O-O 14. Be3
Qc7 15. Bf2 Kb8 16. b4 cxb4 17. Qd4 b6 18. cxb4 Rc8 19. a4 Qb7 20. c3 Be7 21.
Qd2 Rc4 22. Bd4 h6 23. Qe3 Rhc8 24. a5 b5 25. Nd2 1/2-1/2

[Event "Balaguer op"]
[Site "?"]
[Date "2012.06.17"]
[Round "2"]
[White "Ramon Solans, A."]
[Black "Martinez Duany, LS."]
[Result "1/2-1/2"]
[WhiteElo "2281"]
[BlackElo "2474"]
[PlyCount "69"]
[EventDate "2012.??.??"]
[EventType "swiss"]
[EventRounds "9"]

1. d4 d5 2. Nf3 c6 3. c4 Nf6 4. Nc3 g6 5. e3 Bg7 6. Bd3 O-O 7. O-O Bg4 8. h3
Bxf3 9. Qxf3 e6 10. Bd2 Nbd7 11. cxd5 exd5 12. b4 Re8 13. b5 c5 14. Nxd5 Nxd5
15. Qxd5 cxd4 16. exd4 Nb6 17. Qxd8 Rexd8 18. Rad1 Rxd4 19. Be3 Ra4 20. Bxb6
axb6 21. Bb1 Rb4 22. Rd2 Bf8 23. Rfd1 Bc5 24. g3 Ra5 25. Kg2 Kg7 26. h4 h5 27.
Bd3 Rba4 28. Be2 Rxa2 29. Rxa2 Rxa2 30. Kf3 Ra3+ 31. Kg2 Ra2 32. Kf1 f5 33.
Rd7+ Kf6 34. f4 Ra1+ 35. Rd1 1/2-1/2

[Event "Balaguer op"]
[Site "?"]
[Date "2012.06.17"]
[Round "2"]
[White "Rodon Balcells, J."]
[Black "Sanchez Sanchez, M."]
[Result "1-0"]
[WhiteElo "1864"]
[BlackElo "1655"]
[PlyCount "75"]
[EventDate "2012.??.??"]
[EventType "swiss"]
[EventRounds "9"]

1. e4 e5 2. Nf3 Nc6 3. Nc3 Nf6 4. Bb5 Bc5 5. O-O d6 6. d4 exd4 7. Nxd4 Bd7 8.
Bxc6 Bxc6 9. Nxc6 bxc6 10. Bg5 O-O 11. Qf3 Bd4 12. Rfe1 h6 13. Bh4 Be5 14. Rad1
Rb8 15. b3 Qe7 16. Qe3 Rfe8 17. f3 g5 18. Bf2 a5 19. Ne2 Nh5 20. g3 Qd7 21. Kg2
f5 22. Nc3 f4 23. Qd3 Qg7 24. Ne2 Kh8 25. Nd4 c5 26. Nf5 Qg6 27. g4 Ng7 28. Qd5
Nxf5 29. exf5 Qg7 30. Re2 Rbc8 31. Rde1 c4 32. Qxc4 Qg8 33. Qa6 Bc3 34. Re6
Bxe1 35. Rxh6+ Kg7 36. Rg6+ Kf8 37. Rxg8+ Kxg8 38. Bxe1 1-0

[Event "Balaguer op"]
[Site "?"]
[Date "2012.06.17"]
[Round "2"]
[White "Sanikidze, T."]
[Black "Ramiro Ovejero, JL."]
[Result "1-0"]
[WhiteElo "2596"]
[BlackElo "2349"]
[PlyCount "67"]
[EventDate "2012.??.??"]
[EventType "swiss"]
[EventRounds "9"]

1. d4 d5 2. Nf3 Nf6 3. c4 dxc4 4. e3 Bg4 5. Bxc4 e6 6. Nc3 Nbd7 7. O-O Bd6 8.
e4 e5 9. Be2 O-O 10. dxe5 Nxe5 11. Nxe5 Bxe2 12. Qxe2 Bxe5 13. Bg5 Qe8 14. Rfe1
h6 15. Bxf6 Bxf6 16. e5 Bd8 17. f4 Qe6 18. Qf3 f5 19. Qxb7 c6 20. Na4 Rb8 21.
Qxa7 Rb4 22. Rf1 c5 23. Rad1 Qxa2 24. Rd7 Rf7 25. Rxd8+ Kh7 26. Qxc5 Qxa4 27.
e6 Qa7 28. Qxa7 Rxa7 29. Re1 Re7 30. Rd7 Rxd7 31. exd7 Rd4 32. b4 Rxd7 33. b5
Rb7 34. Rb1 1-0

[Event "Balaguer op"]
[Site "?"]
[Date "2012.06.17"]
[Round "2"]
[White "Sole Gonzalez, E."]
[Black "Monfa Escola, R."]
[Result "0-1"]
[WhiteElo "1539"]
[BlackElo "1837"]
[PlyCount "66"]
[EventDate "2012.??.??"]
[EventType "swiss"]
[EventRounds "9"]

1. d4 d6 2. c4 g6 3. Nc3 Bg7 4. Nf3 Na6 5. Bf4 c5 6. e3 h6 7. Bd3 Bg4 8. h3
Bxf3 9. Qxf3 Qd7 10. Ne2 f5 11. O-O Nf6 12. a3 O-O 13. Rab1 e5 14. dxe5 dxe5
15. Bxf5 Qxf5 16. Qxb7 exf4 17. Qxa6 fxe3 18. fxe3 Qd3 19. Qe6+ Kh7 20. Nf4 Qe4
21. Rbd1 Rae8 22. Qxe4 Rxe4 23. Rd6 Rfe8 24. Ra6 R8e7 25. Rd1 g5 26. Nd3 Rxc4
27. Rc6 Rxe3 28. Nf2 Rc2 29. b4 Ree2 30. Nd3 Rxg2+ 31. Kf1 Ne4 32. bxc5 Ng3+
33. Ke1 Rce2# 0-1

[Event "Balaguer op"]
[Site "?"]
[Date "2012.06.17"]
[Round "2"]
[White "Solsona Manonelles, J."]
[Black "Verdes Nadal, R."]
[Result "1/2-1/2"]
[WhiteElo "1701"]
[BlackElo "1979"]
[PlyCount "55"]
[EventDate "2012.??.??"]
[EventType "swiss"]
[EventRounds "9"]

1. d4 Nf6 2. c4 c5 3. d5 b5 4. cxb5 a6 5. bxa6 Bxa6 6. Nc3 d6 7. Qc2 g6 8. g3
Bg7 9. Nf3 O-O 10. e4 Bxf1 11. Kxf1 Nbd7 12. Kg2 Qb6 13. h3 Rfb8 14. Nd2 Ne8
15. b3 Nc7 16. Bb2 Na6 17. Na4 Qb5 18. Bxg7 Kxg7 19. a3 Ne5 20. Nc3 Qb7 21. f4
Nd7 22. Rab1 Nc7 23. Nc4 f5 24. Nd2 Nf6 25. Kh2 fxe4 26. Ndxe4 Nfxd5 27. Ng5 h6
28. Nge4 1/2-1/2

[Event "Balaguer op"]
[Site "?"]
[Date "2012.06.17"]
[Round "2"]
[White "Turuguet Lopez, JL."]
[Black "Fumas Fontova, E."]
[Result "0-1"]
[WhiteElo "1932"]
[BlackElo "1707"]
[PlyCount "70"]
[EventDate "2012.??.??"]
[EventType "swiss"]
[EventRounds "9"]

1. Nf3 f5 2. c4 g6 3. Nc3 Bg7 4. d4 d6 5. g3 b6 6. Bg2 Bb7 7. O-O Nd7 8. Ng5
Qc8 9. Ne6 Bf6 10. Bxb7 Qxb7 11. Nd5 Rc8 12. Nxf6+ Ngxf6 13. b4 Nf8 14. Nxf8
Rxf8 15. d5 c6 16. Bb2 cxd5 17. Bxf6 Rxf6 18. cxd5 Rc4 19. a3 f4 20. g4 h5 21.
gxh5 gxh5 22. e4 f3 23. Kh1 Rxe4 24. Rg1 Rg4 25. Qd3 Qd7 26. Rac1 Rff4 27. Qh7
Qf5 28. Qh8+ Kf7 29. Rce1 Rxg1+ 30. Rxg1 Rg4 31. Re1 Rg2 32. Qh6 Rxf2 33. Qe3
Rxh2+ 34. Kxh2 Qc2+ 35. Kg3 Qg2+ 0-1

[Event "Balaguer op"]
[Site "?"]
[Date "2012.06.17"]
[Round "2"]
[White "Westerinen, H."]
[Black "Burmakin, V."]
[Result "1-0"]
[WhiteElo "2345"]
[BlackElo "2590"]
[PlyCount "109"]
[EventDate "2012.??.??"]
[EventType "swiss"]
[EventRounds "9"]

1. e4 c6 2. d4 d5 3. exd5 cxd5 4. Bd3 Nf6 5. h3 Nc6 6. c3 g6 7. Nf3 Bg7 8. O-O
O-O 9. Bf4 Bf5 10. Bxf5 gxf5 11. Ne5 e6 12. Nd2 Nxe5 13. Bxe5 Kh8 14. Bxf6 Bxf6
15. Qh5 Qc7 16. Nf3 Rg8 17. Kh1 Rg6 18. Rae1 Rag8 19. Rg1 Qb6 20. Re2 Qa6 21.
Ne5 Bxe5 22. dxe5 Rg5 23. Qf3 Qxa2 24. Qf4 Qb3 25. f3 b5 26. Qd4 Qc4 27. Rd2
Ra8 28. Ra1 Qxd4 29. cxd4 a5 30. b3 Rgg8 31. Rda2 a4 32. bxa4 Rxa4 33. Rxa4
bxa4 34. Rxa4 f4 35. Kg1 Rc8 36. Ra2 Rc1+ 37. Kh2 Rd1 38. Ra4 Kg7 39. g4 h5 40.
gxh5 Kh6 41. Ra7 Kxh5 42. Rxf7 Rxd4 43. Rf6 Rd2+ 44. Kg1 Kh4 45. Rxf4+ Kg3 46.
Rg4+ Kxf3 47. Rg6 d4 48. Rxe6 d3 49. Rf6+ Ke3 50. e6 Rd1+ 51. Kg2 d2 52. e7
Rg1+ 53. Kxg1 d1=Q+ 54. Rf1 Qh5 55. e8=Q+ 1-0

[Event "Balaguer op"]
[Site "?"]
[Date "2012.06.18"]
[Round "3"]
[White "Aloma Vidal, R."]
[Black "Cori Tello, J."]
[Result "1/2-1/2"]
[WhiteElo "2400"]
[BlackElo "2479"]
[PlyCount "84"]
[EventDate "2012.??.??"]
[EventType "swiss"]
[EventRounds "9"]

1. d4 d5 2. c4 c6 3. Nf3 Nf6 4. Qb3 dxc4 5. Qxc4 Bf5 6. g3 e6 7. Bg2 Nbd7 8.
O-O Be7 9. e3 O-O 10. Rd1 Rc8 11. Qe2 c5 12. Nc3 Bg6 13. h3 cxd4 14. Nxd4 Qc7
15. e4 Rfd8 16. Be3 a6 17. Rac1 Qb8 18. f4 e5 19. Nf5 Bf8 20. Nh4 Bh5 21. Bf3
Bxf3 22. Qxf3 Nc5 23. Nf5 b5 24. Nd5 Nxd5 25. exd5 g6 26. d6 e4 27. Qg4 Nd3 28.
Rxc8 Qxc8 29. Qg5 Bxd6 30. Nh6+ Kf8 31. Qf6 Qd7 32. Bd4 Ke8 33. Qh8+ Bf8 34.
Bc5 Nxc5 35. Rxd7 Rxd7 36. Qe5+ Be7 37. Ng8 Rd1+ 38. Kg2 Rd2+ 39. Kf1 Rd1+ 40.
Kg2 Rd2+ 41. Kf1 Rd1+ 42. Kg2 Rd2+ 1/2-1/2

[Event "Balaguer op"]
[Site "?"]
[Date "2012.06.18"]
[Round "3"]
[White "Amigo Vilalta, J."]
[Black "Aloy Piulats, R."]
[Result "1-0"]
[WhiteElo "2242"]
[BlackElo "1805"]
[PlyCount "57"]
[EventDate "2012.??.??"]
[EventType "swiss"]
[EventRounds "9"]

1. d4 d5 2. c4 e6 3. Nf3 c6 4. Qc2 Nf6 5. e3 Be7 6. b3 h6 7. Bb2 O-O 8. Bd3
Nbd7 9. O-O b6 10. Nc3 a6 11. e4 dxe4 12. Nxe4 Bb7 13. Nxf6+ Bxf6 14. Rad1 Qc8
15. Ne5 Nxe5 16. dxe5 Be7 17. f4 c5 18. f5 exf5 19. Bxf5 Qc6 20. Rd5 Rad8 21.
Bh7+ Kh8 22. Be4 Rxd5 23. cxd5 Qd7 24. d6 Bg5 25. Bxb7 Qxb7 26. e6 f6 27. e7
Re8 28. Qf5 Qb8 29. Qe6 1-0

[Event "Balaguer op"]
[Site "?"]
[Date "2012.06.18"]
[Round "3"]
[White "Argerich Farras, J."]
[Black "Ferrer Font, J."]
[Result "1/2-1/2"]
[WhiteElo "2133"]
[BlackElo "1804"]
[PlyCount "52"]
[EventDate "2012.??.??"]
[EventType "swiss"]
[EventRounds "9"]

1. Nf3 d5 2. d4 Nf6 3. Bf4 e6 4. c4 Be7 5. Nc3 Nbd7 6. e3 O-O 7. c5 c6 8. b4 b6
9. Qa4 Bb7 10. Rb1 Nh5 11. Bg3 f5 12. Bd3 Nxg3 13. hxg3 Nf6 14. Ne5 Qc7 15. f3
Rfb8 16. Kf2 bxc5 17. bxc5 Bxc5 18. f4 Bd6 19. Rbc1 c5 20. Nb5 Qe7 21. Nxd6
Qxd6 22. dxc5 Qc7 23. c6 Bc8 24. Rc2 Rb6 25. Rhc1 Rab8 26. Qd4 Ba6 1/2-1/2